000 01083nam a2200313 i 4500
003 EG-GICUC
005 20260121101337.0
008 251124s1954 -uk fr|||| 001 0 eng d
040 _aEG-GiCUC
_beng
_cEG-GiCUC
_dEG-GiCUC
_erda
041 0 _aeng
082 0 4 _221
_a338.9
_bAL . W
092 0 4 _221
099 _aLaw1 13 338.9 AL . W 1954
100 1 _aAllen , C
_eAuthor.
245 1 0 _aWestern Enterprise In Far Eastern Economic Development China And Japan /
_c By C. Allen ,And Audrey G. Donnithorne
264 1 _aLondon :
_bGeorge Allen & Unwin Ltd,
_c1954.
300 _a291 pages ;
_c24 cm.
336 _2rda content
_atext
337 _2rda media
_aComputer
338 _2rda carrier
_aOnline Resource
504 _aIncludes bibliographical references and index.
504 _aBibliography: pages 272- 279.
546 _aText in English
650 1 4 _aPublic finance and tax legislation
700 1 _aDonnithorne , Audrey G
_ejoint author.
856 4 0 _uhttps://fll.law.cu.edu.eg/fulltext/bks/B13-07633.pdf
905 _a48
_eHassnaa
942 _2ddc
_cBK
_e21
_n0
999 _c45658
_d45658